Sports Quiz

Random Sports or NBA Quiz

NBA's Longest-Held Players on Each Team (Current) Quiz Stats

 Plays Quiz Updated Dec 25, 2020

Support Sporcle.
Go Orange.
Score 0/30 Timer 07:00
10 Plays Today
Team Longest Held Player % Correct
Dallas MavericksDorian Finney-Smith
85.8%
LA LakersKyle Kuzma/Alex Caruso
75.9%
San Antonio SpursDejounte Murray
74.2%
Golden State WarriorsStephen Curry
73.2%
Miami HeatUdonis Haslem
72.6%
Washington WizardsBradley Beal
66.9%
Portland TrailblazersDamian Lillard
60.8%
Indiana PacersMyles Turner
53.6%
New Orleans PelicansZion Williamson/Nickeil Alexander-Walker/Nicolò Melli//Jaxson Hayes
52%
Memphis GrizzliesDillon Brooks
51.5%
Cleveland CavaliersCedi Osman
49.5%
Toronto RaptorsNorman Powell
47.8%
Oklahoma City ThunderHamidou Diallo
47.5%
Brooklyn NetsJarrett Allen
47.5%
LA ClippersTerance Mann/Mfiondu Kabengele
46.3%
Team Longest Held Player % Correct
Boston CelticsMarcus Smart
46.2%
Atlanta HawksJohn Collins
46.1%
Detroit PistonsSekou Doumbouya
45.3%
Charlotte HornetsCody Zeller
42.1%
Sacramento KingsDe'Aaron FoxDeaaron Fox
42.1%
Chicago BullsCristiano Felicio
41.2%
Utah JazzRudy Gobert
39.8%
Denver NuggetsGary Harris
37.4%
Minnesota TimberwolvesKarl-Anthony Towns
34.9%
Philadelphia 76ersJoel Embiid
34%
Houston RocketsChris Clemons
31.6%
Orlando MagicAaron Gordon
30.3%
Phoenix SunsDevin Booker
26.7%
New York KnicksFrank Ntilikina
21.7%
Milwaukee BucksGiannis Antetokounmpo
18.7%

You're not logged in!

Compare scores with friends on all Sporcle quizzes.
OR
Log In

From the Vault

The 'F' Movies

by Larryholmes79

"Leeloo Dallas mul-ti-pass."
Remove Ads.
Support Sporcle.
Get the best of Sporcle when you Go Orange. This ad-free experience offers more features, more stats, and more fun while also helping to support Sporcle. Thank you for becoming a member.

Show Comments

Extras

Top Quizzes Today


Score Distribution

Your Account Isn't Verified!

In order to create a playlist on Sporcle, you need to verify the email address you used during registration. Go to your Sporcle Settings to finish the process.

Report this User

Report this user for behavior that violates our Community Guidelines.

Details: